| 000 | 00379nam a2200133 4500 | ||
|---|---|---|---|
| 008 | 0 1991 0a 000 0ESP | ||
| 020 | _as/n | ||
| 082 | _a621.313 K253m | ||
| 100 | _aKosow, Irving L. | ||
| 245 | _aM quinas el‚ctricas y transformadores / Irving L. Kosow | ||
| 260 | _aBarcelona : Reverte | ||
| 300 | _a727 p. / 21 cm. | ||
| 650 | _a1. MAQUINAS ELECTRICAS | ||
| 999 |
_c22244 _d22244 |
||